000 00320nam a22001457a 4500
008 230418b ||||| |||| 00| 0 eng d
020 _a9781785334009
041 _aeng
080 _a615.83
082 _a615.83THE
100 _a16
101 _aEGZF
245 _aFROM CLANS TO COOPS
_cTHEODOROS R
942 _2udc
_cBK
999 _c59591
_d59591